|
|
|
|
| LEADER |
01053nam a2200289 i 4500 |
| 001 |
28443 |
| 003 |
BD-DhAAL |
| 005 |
20141016121000.0 |
| 008 |
161014r20001976enk 001 0 eng |
| 010 |
|
|
|a 77355006
|
| 015 |
|
|
|a GB76-35383
|
| 020 |
|
|
|a 0140421904
|
| 040 |
|
|
|a DLC
|c DLC
|d DLC
|d BD-DhAAL
|
| 041 |
|
|
|a eng
|
| 050 |
0 |
0 |
|a PS3545.I544
|b A6 1976
|
| 082 |
0 |
0 |
|a 811/.5/2
|
| 100 |
1 |
|
|a Williams, William Carlos,
|d 1883-1963.
|9 5644
|
| 245 |
0 |
0 |
|a Selected poems /
|c [by] William Carlos Williams ; edited with an introduction by Charles Tomlinson.
|
| 260 |
|
|
|a Harmondsworth ;
|a New York :
|b Penguin,
|c 1976.
|
| 300 |
|
|
|a 272 p. ;
|c 18 cm.
|
| 490 |
0 |
|
|a Penguin poets
|
| 500 |
|
|
|a Includes indexes.
|
| 541 |
|
|
|e 28443
|
| 700 |
1 |
|
|a Tomlinson, Charles,
|d 1927-
|9 5645
|
| 942 |
|
|
|2 ddc
|c BK
|
| 999 |
|
|
|c 32925
|d 32925
|
| 952 |
|
|
|0 0
|1 0
|2 ddc
|4 0
|6 811_520000000000000_WIL
|7 0
|9 43844
|a BRACUL
|b BRACUL
|c GEN
|d 2014-10-16
|e Friends book corner
|g 125.00
|l 1
|m 30
|o 811.52 WIL
|p 3010028443
|r 2026-01-19
|s 2025-03-09
|t 1
|w 2014-10-16
|y BK
|x Transferred from BIL to BRACUL on 06/06/22
|